000 00378nam a2200133Ia 4500
005 20251222151317.0
008 251222s9999||||xx |||||||||||||| ||spa||
082 _a642/V39
100 _aVelásquez Benites, Orlando
245 0 _aGastronomia e Identidad Nacional: Perú,
250 _a1ra.ed.
264 _bUniversidad de San Martín de Porres Fondo Editorial
942 _cLIB
999 _c23591
_d23591